| 000 | 01243nam a2200313 4500 | ||
|---|---|---|---|
| 003 | EG-GICUC | ||
| 005 | 20260121101144.0 | ||
| 008 | 251105s1989 |||||||fr|||| 00| 0 ara d | ||
| 017 | _a894114 | ||
| 020 | _a977154053X | ||
| 040 |
_a EG-GICUC _bara _c EG-GICUC _d EG-GICUC _erda |
||
| 041 | 0 | _aara | |
| 082 | 0 | 4 |
_221 _a341.84 _bا ح . ت |
| 092 | 0 | 4 | _221 |
| 099 | _aLaw1 12 341.84 ا ح . ت 1989 | ||
| 100 | 0 |
_aأحمد عبد الحميد عشوش _eمؤلف. |
|
| 245 | 1 | 0 |
_aتنازع مناهج تنازع القوانين : _bدراسة مقارنة / _cأحمد عبد الحميد عشوش. |
| 264 | 1 |
_aالإسكندرية : _bمؤسسة شباب الجامعة، _c1989. |
|
| 300 |
_a156 ؛صفحة _c24 سم |
||
| 336 |
_2rda content _atext |
||
| 337 |
_2rda media _aComputer |
||
| 338 |
_2rda carrier _aOnline Resource |
||
| 504 | _aيشتمل على إرجاعات ببليوجرافية. | ||
| 546 | _aالنص أغلبه باللغة العربية بعض النصوص الإنجليزية والفرنسية | ||
| 650 | 1 |
_aتنازع القوانين. _xالقانون الدولى الخاص. |
|
| 856 | 4 | 0 | _uhttps://fll.law.cu.edu.eg/fulltext/bks/B12-00695.pdf |
| 905 | _aRawan khaled | ||
| 942 |
_2ddc _n0 _cBK _e21 |
||
| 999 |
_c40961 _d40961 |
||